banner-ar

تقرير المؤتمر الدولى للسكان والتنمية : القاهرة 5 - 13 ايلول / سبتمبر 1994 / (Record no. 52211)

MARC details
000 -الفاتح
حقل البيانات ثابتة الطول 00729nam a2200217Ia 4500
005 - وقت وتاريخ اخر تعامل مع التسجيلة
رقم الضبط 20240530104956.0
008 - عناصر البيانات ثابتة الطول - معلومات عامة
حقل البيانات ثابتة الطول 140319s9999 xx 000 0 ara d
040 ## - مصدر الفهرسة
وكالة الفهرسة الأصلية GCL /
وكالة النسخ GCL
082 04 - رقم تصنيف ديوى العشرى
رقم التصنيف 301.32
رقم المادة ا ت
110 ## - المدخل الرئيسى - إسم هيئة
اسم الهيئة أو اسم السلطة كمدخل الامم المتحدة
245 10 - بيان العنوان
العنوان تقرير المؤتمر الدولى للسكان والتنمية : القاهرة 5 - 13 ايلول / سبتمبر 1994 /
بيان المسئوليه,etc الامم المتحدة
300 ## - الوصف المادى
التعداد 166 ص ؛
أبعاد الوعاء 24 سم
650 04 - المدخل الاضافى بالموضوع-مصطلح موضوعى
مصطلح موضوعي السكان
650 04 - المدخل الاضافى بالموضوع-مصطلح موضوعى
مصطلح موضوعي السكان - علم
650 04 - المدخل الاضافى بالموضوع-مصطلح موضوعى
مصطلح موضوعي الانفجار السكانى
650 04 - المدخل الاضافى بالموضوع-مصطلح موضوعى
مصطلح موضوعي تنظيم الاسرة
650 04 - المدخل الاضافى بالموضوع-مصطلح موضوعى
مصطلح موضوعي تعداد السكان
650 04 - المدخل الاضافى بالموضوع-مصطلح موضوعى
مصطلح موضوعي الاحصائيات الحيوية
942 ## - عناصر المدخل الإضافي( كوها)
مصدر التصنيف او مخطط الترفيف Dewey Decimal Classification
Koha [default] item type كتاب
Holdings
حالة التراجع حالة الفقد حالة تلف ليس للاعارة المكان المؤقت الموقع الحالى تاريخ الاكتساب اجمالي اﻻعارات رقم الطلب الباركود تاريخ اخر مشاهدة تاريخ تفعيل السعر نوع وعاء كوها
        مكتبة القاهرة الكبرى مكتبة القاهرة الكبرى 10/30/2021   301.32\ا ت 124971 03/26/2014 03/26/2014 كتاب
        مكتبة القاهرة الكبرى مكتبة القاهرة الكبرى 10/30/2021   301.32\ا ت 124972 03/26/2014 03/26/2014 كتاب

Powered By

EGPV